Personnages Simpsons - Mort subite - Statistiques

Statistiques générales
  • Ce quiz a été pris 713 fois
    708 depuis la dernière actualisation
  • Le résultat moyen est 14 sur 20
Answers on the Grid
Answers color-coded by a green-red scale on the quiz's grid according to % correct below.
Marge Simson
Marge Simpson
Barte
Bart
Agnès
Burns
Maggie
Ben Flandes
Selma
Patty
Cathy
Waylon Smithers
Lisa
Tahiti Bob
Marilyn
Harold Stickman
Danny Corker
Nelson
Krusty
Seymour Skinner
Donny Flanders
Julien
Andrews
Todd
Apu
Mary simpson
Edna
Carl
Jimmy Powers
Milhouse
Lovejoy
Willie
Jim
 
Statistiques - réponses
Réponse % Correct
Marge Simpson
95%
Bart
91%
Maggie
87%
Burns
84%
Lisa
83%
Tahiti Bob
81%
Selma
80%
Krusty
78%
Patty
77%
Nelson
74%
Apu
73%
Milhouse
71%
Seymour Skinner
70%
Edna
61%
Waylon Smithers
56%
Willie
56%
Carl
53%
Todd
46%
Lovejoy
45%
Agnès
43%
Aucun quiz correspondant
Distribution des résultats
% des personnes avec chaque résultat
Percentile par nombre de réponses
Votre historique - résultats
Vous n’avez pas pris ce quiz depuis la dernière actualisation